| 000 | 00573nam a22001697a 4500 | ||
|---|---|---|---|
| 005 | 20251108172513.0 | ||
| 008 | 250721s9999 xx 000 0 ara d | ||
| 082 | 1 | 4 | _a360منص |
| 100 | 1 | _aمنصور، سمير حسن | |
| 245 | 1 | 0 | _aطريقة العمل مع الجماعات : مفاهيم أساسية و مواقف تطبقية / |
| 264 | 1 |
_aالإسكندرية : _bالمكتب الجامعي الحديث، |
|
| 300 | _a289ص. | ||
| 650 | 1 | 7 | _aالخدمات الإجتماعية |
| 650 | 1 | 7 | _aالعمل الجماعي |
| 942 |
_2ddc _cBK |
||
| 999 |
_c81061 _d81061 |
||